2008 mali yılı merkezi yönetim bütçe kanunu tasarısı ile 2006 mali yılı merkezi yönetim kesinhesap kanunu tasarısının plan ve bütçe komisyonu görüşme tutanakları (Record no. 7920)

MARC details
000 -BAŞLIK
Sabit Uzunlukta Kontrol Alanı 01067na a2200229 4500
001 - KONTROL NUMARASI
Denetim Alanı 21832
003 - KONTROL NUMARASI IDENTIFIER
Denetim Alanı MIRAKIL
005 - SON İŞLEM TARİHİ VE ZAMANI
Denetim Alanı 20181213155154.0
008 - SABİT-BOY VERİ ELEMANLARI - GENEL BİLGİLER
Sabit Uzunlukta Kontrol Alanı 170208b tu 000 0
040 ## - KATALOGLAMA KAYNAK
Orijinal Kataloglama Ajansı Milas
Kataloglama Dili tur
Metne Dönüştürmek Ajansı TR-AnCHP
041 ## - DİL KODU
Metin / Ses Parça Veya Ayrı Başlığın Dil Kodu tur
082 ## - DEWEY ONLU SINIFLANDIRMA NUMARASI
Sınıflandırma Numarası 351.7222
Ürün Numarası B29i 2008
090 ## - SINIFLAMA NUMARASI
Sınıflama Numarası 351.7222 B29i 2008
110 ## - ANA GİRİŞ - KURUMSAL ADI
Giriş Elemanı Olarak Kurumsal Ad Veya Yargı Alanı Adı Bayındırlık ve İskan Bakanlığı
245 ## - BAŞLIK TABLOSU
Başlık 2008 mali yılı merkezi yönetim bütçe kanunu tasarısı ile 2006 mali yılı merkezi yönetim kesinhesap kanunu tasarısının plan ve bütçe komisyonu görüşme tutanakları
260 ## - YAYIN, DAĞITIM, VB
Yayın, Dağıtım, Vb Yeri [Ankara]
Yayıncı, Dağıtıcı, Vs Adı [yayl. y.]
Yayın, Dağıtım, Vb Tarihi 2007
300 ## - FİZİKSEL TANIM
Kapsam 120 s.
Boyutlar 23 sm.
505 ## - BİÇİMLENDİRİLDİ İÇİNDEKİLER NOT
Biçimlendirilmiş İçeriği Dikkat Bayındırlık ve İskan Bakanlığı, Tapu Kadastro Genel Müdürlüğü,Ulaştırma Bakanlığı, Karayolları Genel Müdürlüğü, Telekomünikasyon Kurumu, Denizcilik Müsteşarlığı, Sivil Havacılık Genel Müdürlüğü
610 ## - KONU KATMA GİRİŞ - TOPLANTI ADI
Giriş Elemanı Olarak Kurumsal Ad Veya Yargı Alanı Adı Bayındırlık ve İskan Bakanlığı
Genel Alt Bölüm Bütçe Komisyonu
Kronolojik Alt Bölüm Tutanaklar, 2008
610 ## - KONU KATMA GİRİŞ - TOPLANTI ADI
Giriş Elemanı Olarak Kurumsal Ad Veya Yargı Alanı Adı Ulaştırma Bakanlığı
Genel Alt Bölüm Bütçe Komisyonu
Kronolojik Alt Bölüm Tutanaklar, 2008
942 ## - EKLENDİ GİRİŞ ELEMANLARI (KOHA)
Sınıflandırma Veya Raf Düzeni Kaynak Dewey Decimal Classification
Koha Öğesi Türü Books
999 ## - SİSTEM KONTROL NUMARALARI (KOHA)
Koha Biblionumber 7920
Koha Biblioitemnumber 7920
Holdings
Kalıcı Konum Mevcut Konum Edinme Tarihi Edinim Kaynak Toplam Check-Out'Lar Tam Çağrı Numarası Barkod Tarih Son Görülme İtibaren Geçerli Fiyatlar Koha Öğesi Türü
CHP Kütüphanesi CHP Kütüphanesi 02/08/2017 Bağış   351.7222 B29i 2008 012315 02/08/2017 02/08/2017 Books